00584naa a2200205 a 450000100080000000500110000800800410001910000220006024500730008226000090015565300260016465300140019065300110020465300150021565300100023065300200024070000230026070000210028377300740030410261202003-08-04 2001 bl uuuu u00u1 u #d1 aALMEIDA, E. P. de aInducao e desenvolvimento de calos e embrioes somaticos em mamoeiro. c2001 aEmbriogenese somatica aEpicotilo aFolhas aHipocotilo aMamao aMicropropagacao1 aOLIVEIRA, R. P. de1 aDANTAS, J. L. L. tScientia Agricola, Piracicabagv. 58, n. 1, p. 51-54, jan./mar. 2001.